All Mumford & Sons Songs - Statistics

General Stats
  • This quiz has been taken 139 times
  • The average score is 28 of 72
Answer Stats
Album Song % Correct
The Cave and the Open Sea The Cave
91%
Babel Babel
90%
Love Your Ground Little Lion Man
85%
Delta Delta
77%
Delta The Wild
77%
Babel I Will Wait
75%
Sigh No More Sigh No More
75%
Wilder Mind Wilder Mind
70%
Babel Hopeless Wanderer
58%
Babel The Boxer
56%
Wilder Mind The Wolf
56%
Delta Woman
56%
Wilder Mind Believe
54%
Sigh No More White Blank Page
53%
Wilder Mind Tompkins Square Park
52%
Delta Guiding Light
51%
Babel Lover of the Light
51%
Wilder Mind Snake Eyes
51%
Sigh No More Awake My Soul
48%
Sigh No More After the Storm
47%
Sigh No More Dust Bowl Dance
47%
The Cave and the Open Sea My Heart Told My Head (Winter Winds)
47%
Babel Holland Road
46%
Delta 42
44%
Babel Below My Feet
44%
Sigh No More Roll Away Your Stone
44%
Sigh No More Timshel
44%
Wilder Mind Ditmas
43%
Sigh No More Thistle & Weeds
43%
Delta Beloved
42%
Babel Broken Crown
42%
Babel Lover's Eyes
42%
Babel Ghosts That We Knew
41%
Delta Forever
39%
Delta Rose of Sharon
38%
Wilder Mind Broad-Shouldered Beasts
37%
Wilder Mind Cold Arms
37%
Johannesburg There Will Be Time
37%
Sigh No More I Gave You All
35%
Delta Darkness Visible
34%
Wilder Mind Hot Gates
34%
Babel For Those Below
33%
Delta If I Say
33%
Wilder Mind Monster
33%
Wilder Mind Only Love
33%
Babel Where Are You Now
33%
Delta Wild Heart
33%
Babel Reminder
32%
Babel Whispers in the Dark
32%
Johannesburg Wona
32%
Delta Picture You
30%
Single Blind Leading the Blind
29%
Wilder Mind Just Smoke
28%
Babel Not with Haste
28%
Delta October Skies
28%
Delta Slip Away
28%
Johannesburg Fool You've Landed
24%
Love Your Ground Hold On to What You Believe
20%
Johannesburg Si Tu Veux
20%
Johannesburg Ngamila
18%
Love Your Ground Feel the Tide
16%
Dharohar Project, Laura Marling and Mumford & Sons Project To Darkness / Kripa
13%
Dharohar Project, Laura Marling and Mumford & Sons Project Devil's Spoke / Sheh Ko Marg
10%
Dharohar Project, Laura Marling and Mumford & Sons Project Mehendi Rachi
10%
Dharohar Project, Laura Marling and Mumford & Sons Project Anmol Rishtey
9%
Love Your Ground Sister
9%
The Wedding Band - The First Dance Susie
8%
The Wedding Band - The First Dance I Take Your Hand
6%
The Wedding Band - The First Dance She Said Yes
6%
The Wedding Band - The First Dance Thumper
6%
Love Your Ground Banjolin Song
5%
Single #2 Forever (Garage Version)
1%
No matching quizzes found
Score Distribution
Percent of People with Each Score
Percentile by Number Answered
Your Score History
You have not taken this quiz